Derecho internacional privado /
Guardado en:
| Autor Principal: | |
|---|---|
| Formato: | Libro |
| Idioma: | Spanish |
| Publicado: |
Buenos Aires :
Lexis Nexis,
2006.
|
| Edición: | 3a. ed. |
| Materias: | |
| Etiquetas: |
Agregar Etiqueta
Sin Etiquetas, Sea el primero en etiquetar este registro!
|
| LEADER | 00469nam a22001575a 4500 | ||
|---|---|---|---|
| 001 | DER.der006305 | ||
| 008 | 180615s2006####ag#||||||||||||||#||spa|| | ||
| 005 | 20241220103824.0 | ||
| 245 | 1 | 0 | |a Derecho internacional privado / |c Ricardo R Balestra. |
| 250 | |a 3a. ed. | ||
| 260 | |a Buenos Aires : |b Lexis Nexis, |c 2006. | ||
| 300 | |a 700 p. | ||
| 020 | |a 9502017323 | ||
| 100 | 1 | |a Balestra, Ricardo R | |
| 650 | 7 | |a DERECHO INTERNACIONAL PRIVADO | |
| 859 | |a DERECHO |b BIB. DERECHO |h 340.9 |i BAL |p 005623 | ||
